| 000 | 00691nam a2200229Ia 4500 | ||
|---|---|---|---|
| 003 | GCL | ||
| 008 | 140319s9999 xx 000 0 ara d | ||
| 040 |
_aGCL / _cGCL |
||
| 082 | 0 | 4 |
_a510 _bا ر |
| 100 | 1 | _aاحمد عباده سرحان | |
| 245 | 1 | 0 |
_aالرياضيات للتجارين / _cاحمد عباده سرحان |
| 700 | 1 | _aصلاح الدين طلبه | |
| 260 |
_a[S.N] : _bدائرة الاعلام ، _c1971 |
||
| 490 | _a | ||
| 650 | 0 | 4 | _aالتفاضل والتكامل |
| 650 | 0 | 4 | _aالرياضيات |
| 650 | 0 | 4 | _aالجداول |
| 650 | 0 | 4 | _aالحساب |
| 650 | 0 | 4 | _aالرياضة المالية |
| 650 | 0 | 4 | _aاللوغاريتمات |
| 942 |
_2ddc _cBK |
||
| 999 |
_c58930 _d58930 |
||